| 000 | 00415nam a22001697a 4500 | ||
|---|---|---|---|
| 003 | SGT | ||
| 020 | _a9789390595419 | ||
| 082 |
_a614.1 _bP21B |
||
| 100 | _aBARDALE, RAJESH | ||
| 245 | _aPRINCIPAL OF FORENSIC MEDICINE AND TOXICOLOGY | ||
| 250 | _a3RD | ||
| 260 |
_aNEW DELHI _bJAYPEE PUB . _c2021 |
||
| 300 | _a664 | ||
| 650 | _aFORENSIC AND TOXICOLOGY | ||
| 653 | _aTOXICOLOGY, FORENSIC | ||
| 942 |
_2ddc _cBK _08 |
||
| 999 |
_c22866 _d22866 |
||